City Bubble Map Quiz - Statistics

General Stats
  • This quiz has been taken 19 times
  • The average score is 55 of 109
Answers on the Map
Answers color-coded by a green-red scale on the quiz's map according to % correct below.
 
Answer Stats
Population Answer % Correct
17.1 m Los Angeles
94%
21.8 m New York
94%
35.7 m Delhi
88%
41.2 m Tokyo
88%
4.7 m Berlin
82%
22.8 m Cairo
82%
5.1 m Cape Town
82%
9.6 m Chicago
82%
7.8 m Dallas
82%
6.05 m Dubai
82%
16 m Istanbul
82%
3.48 m Kyiv
82%
2.5 m Lisbon
82%
15.1 m London
82%
6.7 m Madrid
82%
25.4 m Mexico City
82%
6.3 m Miami
82%
18.8 m Moscow
82%
5.15 m Sydney
82%
2.48 m Warsaw
82%
6.15 m Atlanta
76%
21.5 m Beijing
76%
16.8 m Buenos Aires
76%
29.5 m Jakarta
76%
5.2 m Melbourne
76%
6.35 m Saint Petersburg
76%
4.48 m Seattle
76%
2.33 m Stockholm
76%
16.8 m Tehran
76%
4.33 m Algiers
71%
21.8 m Bangkok
71%
3.85 m Brasília
71%
4.45 m Casablanca
71%
14.8 m Johannesburg
71%
12 m Lima
71%
6.15 m Milan
71%
4.05 m Naples
71%
2.35 m Perth
71%
2.45 m San José
71%
10.6 m Bogota
65%
72.7 m Guangzhou
65%
3.38 m Guatemala City
65%
21.3 m Lagos
65%
6.9 m Nairobi
65%
8.4 m Santiago
65%
2.53 m Budapest
59%
3.88 m Denver
59%
3.23 m Frankfurt am Main
59%
5.25 m Kabul
59%
9.55 m Kuala Lumpur
59%
5.05 m Kuwait City
59%
2.1 m Minsk
59%
22.6 m São Paulo
59%
2.73 m Tunis
59%
4.83 m Addis Ababa
53%
3.45 m Brisbane
53%
3.85 m Caracas
53%
23.1 m Dhaka
53%
3.23 m Minneapolis
53%
7.7 m Riyadh
53%
2.13 m Jacksonville
47%
7.2 m Khartoum
47%
3.03 m Pyongyang
47%
2.65 m Salt Lake City
47%
3.28 m Sana'a
47%
3.15 m Antananarivo
41%
4.98 m Colombo
41%
4.23 m Dakar
41%
2.08 m Kansas City
41%
16.3 m Kinshasa
41%
2.13 m Sacramento
41%
3.9 m Santo Domingo
41%
3 m Lusaka
35%
3.85 m Tashkent
35%
2.7 m Almaty
29%
2.35 m Asunción
29%
14.7 m Bengaluru
29%
6.65 m Dar es Salaam
29%
2.68 m Harare
29%
5.7 m Bamako
24%
3.95 m Jeddah
24%
2.25 m Mogadishu
24%
3.43 m Ouagadougou
24%
4.1 m Recife
24%
2.5 m Sapporo
24%
3.98 m Yaoundé
24%
2.38 m Barranquilla
18%
2.8 m Cebu
18%
2.98 m Conakry
18%
5.55 m Harbin
18%
5.35 m Kano
18%
2.28 m Manaus
18%
3.95 m Porto Alegre
18%
3.4 m Salvador
18%
13.4 m Xi'an
18%
2.2 m Belém
12%
3.83 m Fortaleza
12%
3.35 m Guayaquil
12%
2.88 m Lubumbashi
12%
3.48 m Mashhad
12%
5 m Urumqi
12%
2.5 m Mbuji-Mayi
6%
3.58 m Nagpur
6%
8 m Pune
6%
2.23 m Rajkot
6%
3.48 m Nantong
0%
2.48 m Vishakhapatnam
0%
2.25 m Xining
0%
3.15 m Xuzhou
0%
No matching quizzes found
Score Distribution
Percent of People with Each Score
Percentile by Number Answered
Your Score History
You have not taken this quiz